000 00346nam a2200145Ia 4500
008 210716s1967 xx 000 0 und d
041 _aeng
082 _a150 HONJ
100 _aHonigmann, John J.
245 _aPersonality in culture.
250 _a1
260 _aNew York
_bHarper and Row
_c1967
300 _axii,495
650 _aPsychology
999 _c200578
_d200578